000 00354nam a2200109Ia 4500
008 171204s9999 xx 000 0 und d
245 _aIn Praise of Simple Physics: The Science and Mathematics behind Everyday Questions
245 _cPaul J. Nahin
260 _c2016
650 _xPhysics
856 _uThe Science and Mathematics behind Everyday Questions
999 _c345575
_d345575